Inside AutoCAD / (Record no. 182751)

000 -LEADER
fixed length control field 01115 a2200241 4500
003 - CONTROL NUMBER IDENTIFIER
control field Nust
005 - DATE AND TIME OF LATEST TRANSACTION
control field 20221019112837.0
010 ## - LIBRARY OF CONGRESS CONTROL NUMBER
LC control number 92007088
020 ## - INTERNATIONAL STANDARD BOOK NUMBER
International Standard Book Number 1562050494 :
035 ## - SYSTEM CONTROL NUMBER
System control number (DLC) 92007088
040 ## - CATALOGING SOURCE
Transcribing agency Nust
082 00 - DEWEY DECIMAL CLASSIFICATION NUMBER
Classification number 620.00420285,RAK
100 ## - MAIN ENTRY--PERSONAL NAME
Personal name Raker D
9 (RLIN) 100770
245 00 - TITLE STATEMENT
Title Inside AutoCAD /
Statement of responsibility, etc. Tom Boersma ; original authors, D. Raker and H. Rice.
260 ## - PUBLICATION, DISTRIBUTION, ETC.
Place of publication, distribution, etc. Carmel, Ind. :
Name of publisher, distributor, etc. New Riders Publishing,
Date of publication, distribution, etc. c1992.
300 ## - PHYSICAL DESCRIPTION
Extent xxx, 371p. :
Other physical details ill ;
Dimensions 24 cm.
505 ## - FORMATTED CONTENTS NOTE
Formatted contents note Introduction (Page-1), Setting up AutoCAD (Page-9), Getting Around (Page-43), Graphics Primitives (Page-71), Introduction to Editing (Page-103), Drawing Construction Techniques (Page-135), Herding Objects into Symbols (Page-159), Drawing Enhancements (Page-189), Drawing Output (Page-214), 3-D Making your Drawing Stand Out (Page-239), Drawing Intelligence (Page-259), Attributes and Data Extraction (PAge-291), Customizing Auto cad (Page-313),
650 #0 - SUBJECT ADDED ENTRY--TOPICAL TERM
Topical term or geographic name entry element Computer graphics.
9 (RLIN) 1225
700 1# - ADDED ENTRY--PERSONAL NAME
Personal name Boersma, Tom.
9 (RLIN) 100771
700 1# - ADDED ENTRY--PERSONAL NAME
Personal name Raker, Daniel.
9 (RLIN) 40545
700 1# - ADDED ENTRY--PERSONAL NAME
Personal name Rice, Harbert.
9 (RLIN) 40546
942 ## - ADDED ENTRY ELEMENTS (KOHA)
Source of classification or shelving scheme
Koha item type Book
Holdings
Withdrawn status Lost status Source of classification or shelving scheme Damaged status Not for loan Permanent Location Current Location Shelving location Date acquired Full call number Barcode Date last seen Price effective from Koha item type Public note Collection code Total Checkouts
          Military College of Signals (MCS) Military College of Signals (MCS) General Stacks 12/12/2016 620.00420285,RAK MCS2511 12/08/2016 12/12/2016 Book Almirah No.27, Shelf No.1    
          Military College of Signals (MCS) Military College of Signals (MCS)   12/12/2016 620.00420285 RAK MCS5556 12/08/2016 12/12/2016 Book      
© 2023 Central Library, National University of Sciences and Technology. All Rights Reserved.